000 00460nam a2200193Ia 4500
003 GCL
008 140319s9999 xx 000 0 eng d
040 _aGCL /
_cGCL
082 0 4 _a823
_bW S
100 1 _aWIWA, KEN SARO
245 1 0 _aSOZA BOY /
_cWIWA, KEN SARO
260 _a[S.N] :
_bLONGMAN ،
_c1994
300 _a188 P
650 0 4 _aENGLISH LITERATURE
650 0 4 _aLITERATURE
650 0 4 _aENGLISH FICTION
650 0 4 _aFICTION
942 _2ddc
_cBK
999 _c10648
_d10648